LEADER 00898nam0-2200289 --450 001 9910167852503321 005 20170420114218.0 010 $a978-88-6647-081-6 100 $a20170419d2013----kmuy0itay5050 ba 101 $aita 102 $aIT 105 $a 001yy 200 1 $aTempo e rappresentazione in Kant$econ uno studio sul tempo come struttura ontologica dei mondi possibili in Leibniz$fGiuseppe Giannetto 210 $aPomigliano d'Arco (Na)$cDiogene$d2013 215 $a130 p.$d21 cm 225 1 $aIntelligere$v1 610 0 $aKant, Immanuel$aConcetto di tempo 676 $a193 676 $a115 700 1$aGiannetto,$bGiuseppe$0159280 801 0$aIT$bUNINA$gRICA$2UNIMARC 901 0$aBK 912 $a9910167852503321 952 0$aP.1 7D KANT/S 390$bDip. Studi Um. 853$fFLFBC 959 0$aFLFBC 996 $aTempo e rappresentazione in Kant$91467475 997 $aUNINA LEADER 02279nam 2200409Ia 450 001 996387409603316 005 20231219230958.0 035 $a(CKB)4940000000084907 035 $a(EEBO)2248531110 035 $a(OCoLC)ocm27322837e 035 $a(OCoLC)27322837 035 $a(EXLCZ)994940000000084907 100 $a19930126d1694 uy | 101 0 $aeng 135 $aurbn#|||a|bb| 200 13$aAn entire body of philosophy according to the principles of the famous Renate Des Cartes$b[electronic resource] $ein three books ... /$fwritten originally in Latin by the learned Anthony Le Grand ; now carefully translated from the last corrections, alterations, and large additions of the author, never yet published ... by Richard Blome 210 $aLondon $cPrinted by Samuel Roycroft, and sold by the undertaker Richard Blome ...$dM DC XC IV [1694] 215 $a[30], 401, [3], 263 p., 88 leaves of plates $cill 300 $aTranslation of: Institutio philosophiae secundum principia D. Renati Descartes. 300 $a"The whole work illustrated with almost an hundred sculptures dispersed to such places as best admit thereof: all designed, drawn and engraven historically by good artists" 300 $aThe plates are variously signed by Kip, Gucht, Lens, and Freman. 300 $aReproduction of original in Huntington Library. 327 $a(from t.p.) I. The institution, in X parts -- II. The history of nature, which illustrates the institution and consists of great variety of experiments relating thereto, and explained by the same principles, in IX parts -- III. A dissertation of the want of sense and knowledge in brute animals, in II parts. 330 $aeebo-0113 606 $aPhilosophy$vEarly works to 1800 615 0$aPhilosophy 700 $aLe Grand$b Antoine$fd. 1699.$01003368 701 $aBlome$b Richard$f1635-1705.$01005190 701 $aKip$b Johannes$f1653-1722.$01001292 701 $aGucht$b Michael van der$f1660-1725.$01005131 701 $aLens$b Bernard$f1659-1725.$01012087 701 $aFreman$b G$01012088 801 2$bWaOLN 906 $aBOOK 912 $a996387409603316 996 $aAn entire body of philosophy according to the principles of the famous Renate Des Cartes$92347894 997 $aUNISA